| 000 | 00777cam a22002657a 4500 | ||
|---|---|---|---|
| 001 | 001016 | ||
| 003 | armpunfd | ||
| 005 | 20140612090627.0 | ||
| 008 | 020312s2001#xx#a##########000#0##nd#d | ||
| 040 |
_aarmpunfd _carmpunfd |
||
| 080 | _a347.745 AC 64 | ||
| 100 | 1 | 0 | _a Acosta, Miguel A. |
| 245 | 1 | 0 | _aAspectos juridicos y economicos del warrant |
| 260 |
_a Cordoba : _b Academia Nacional De Derecho Y Ciencias Sociales, _c2001. |
||
| 300 | _a472 p. | ||
| 650 | 7 |
_a Documento Electronico _2LEMB |
|
| 650 | 7 |
_a Titulos Circulatorios _2LEMB |
|
| 650 | 7 |
_a Warrant _2LEMB |
|
| 942 |
_cLB _2cdu |
||
| 945 |
_aCatalis _d2010-08-19 |
||
| 945 |
_aCatalis _d2010-08-19 |
||
| 945 |
_aCatalis _d2010-08-19 |
||
| 945 |
_aCatalis _d2010-08-19 |
||
| 945 |
_aCatalis _d2010-08-19 |
||
| 999 |
_c1007 _d231511 |
||